000 00609nam a2200205Ia 4500
005 20250508160144.0
008 008 250505s9999 xx 000 0 eng d
037 _aBooks to be hide in OPAC
040 _aFEDL
_beng
_cFEDL
041 _aeng
_2eng
084 _a371.26, MOR/O
_qFEDL
100 _aMonroe Walter S
245 0 _aIllinois examination
245 0 _cIllinois. Educational Research College of Education, (Bureau of ...)
260 _aUrbana
_bThe University of Illinois
300 _a70p
546 _aWeeded out
942 _cHB
_h371.26, MOR/O
999 _c1362267
_d1362267